000 00561nam a2200193Ia 4500
005 20250508153234.0
008 008 250505s9999 xx 000 0 eng d
037 _aTextual
040 _aFEDL
_beng
_cFEDL
041 _aeng
_2eng
084 _a157.9, PRI
_qFEDL
100 _aPrimrose E. J. R.
_9763482
245 0 _aPsychological illness : A community study
260 _aLondon, UK
_bTavistock Publications Limited
_c1962
300 _avii,60p.
650 _aAbnormal Psychology
942 _cTEXL
_h157.9, PRI
999 _c1341451
_d1341451